000 01835nam0a2200361 i 4500
001 RU\NLR\BIBL_A\011291446
005 20241105211434.0
010 _a9785446908783
_9500
021 _aRU
_b2016-90829
_95990
035 _a(NLR Aleph) 011291446
090 _a10924036
_c10924036
100 _a20161212d2016 k y0rusy50 ca
101 0 _arus
_ager
102 _aRU
105 _aca z 000zy
200 1 _aГерманская филология и общее языкознание
_dGermanische philologie und allgemeine sprachwissenschaft
_e[сборник статей]
_fВ.М. Павлов
_gРос. акад. наук, Ин-т лингвист. исслед.
_zger
210 _aСанкт-Петербург
_cНестор-История
_d2016
215 _a379 с.
_cил., портр.
_d22
300 _aАвт. также на нем. яз.: Vladimir M. Pavlov
300 _aБиблиогр. в конце разд., ст. и в подстроч. примеч.
300 _aЧасть текста на нем. яз.
320 _aНауч. тр. В.М. Павлова: с. 48-64
510 1 _6z11790
_aGermanische philologie und allgemeine sprachwissenschaft
_zger
600 1 _aПавлов
_bВ.М.
_f1925 - 2011
_gВладимир Михайлович
_92432106
_3RU\NLR\AUTH\661447538
606 _aЯзыкознание
_jСборники
_9911558
_3RU\NLR\AUTH\6613279
686 1 _aШ1г(2Р)7дПавлов
686 1 _aШ10я44
700 1 _7ca
_8rus
_aПавлов
_bВ.М.
_cфилолог-германист
_f1925-2011
_gВладимир Михайлович
_9167543
_3RU\NLR\AUTH\770167590
790 1 _7ba
_8rus
_aPavlov
_bV. M.
_cфилолог-германист
_f1925-2011
_gVladimir Michajlovič
_9167545
_3RU\NLR\AUTH\770167592
942 _cBOOK
980 _aNBR